BIBLIOTHÈQUE DE LA MAISON DU MEXIQUE

Logo 1 Logo 2

La colonización en México (notice nᵒ 12651)

détails MARC
000 -Sello discográfico
campo de control de longitud fija 00874nam a2200277 4500
005 - Identificación de versión
campo de control 20251016082335.0
035 ## - Otros números de control del sistema
Número de control del sistema 5497
099 ## - fechas locales
Tipo de ítem Koha LIBRO
100 ## - Datos de procesamiento general
Datos de procesamiento general 19930801d1960 m y1spay5003 ba
105 ## - Campo de datos codificados: Material textual, monográfico
Datos codificados de monografía a 001zy
200 1# - Título y mención de responsabilidad
Título propio La colonización en México
Designación general del material texto impreso
Otra información del título 1877-1910
Primer mención de responsabilidad Moisés González Navarro
210 ## - Publicación, distribución, etc.
Lugar de publicación, distribución, etc. México
Nombre del editor, distribuidor, etc. Talleres de Impresión de Estampillas y Valores
Fecha de publicación, distribución, etc. 1960
215 ## - Descripción física
Designación de material específico y extensión del ítem 160 p
Otras características físicas il.
Dimensiones 24 cm
345 ## - Nota de información de adquisición
Fuente de adquisición/dirección de la suscripción [OBSOLETO] Donación
606 ## - Término temático usado como materia
Elemento de entrada Colonias agrícolas
Subdivisión geográfica México
Número Koha 19410
607 ## - Nombre geográfico utilizado como tema
Elemento de entrada México
Subdivisión temática Emigración e inmigración
Número Koha 278
660 ## - Código de área geográfica
Código MX
700 ## - Nombre personal - Responsabilidad primaria
Elemento de entrada González Navarro
Parte del nombre distinta del elemento de entrada Moisés
Fechas 1926-2015
Número Koha 1802
801 #0 - Fuente de origen
Agencia cm
900 ## -
-- 1/9851
900 ## -
-- 710935521\\010893
942 ## - ELEMENTOS DE ENTRADA SECUNDARIOS (KOHA)
Tipo de ítem Koha Livre
996 ## -
-- MEX
-- 751145101
-- MMAG
-- 006548
-- 325.1 G64C
-- 20220614LIV
Exemplaires
Estatus retirado Estado de daño Estado de pérdida Fecha de adquisición Biblioteca de origen Biblioteca actual Ubicación en estantería Código de barras Precio de reemplazo Signatura topográfica completa No para préstamo Tipo de ítem Koha Nota pública Nota no pública
      05/08/2025 Casa México Paris Casa México Paris   006548 05/08/2025 325.1 G64C   Livre 20220614LIV 751145101